Central Library OPAC University of Rajshahi

An inquiry into the nature and progress of rent, (Record no. 4006)

MARC details
000 -LEADER
fixed length control field 00782cam a22002531 4500
001 - CONTROL NUMBER
control field 4006
003 - CONTROL NUMBER IDENTIFIER
rucl marc code BD-RjUL
005 - DATE AND TIME OF LATEST TRANSACTION
control field 20211208233822.0
008 - FIXED-LENGTH DATA ELEMENTS--GENERAL INFORMATION
fixed length control field 131221r19691815nyu 000 0 eng
020 ## - INTERNATIONAL STANDARD BOOK NUMBER
International Standard Book Number 0837123623
035 ## - SYSTEM CONTROL NUMBER
System control number (BD-RjUL)4040
040 ## - CATALOGING SOURCE
Original cataloging agency DLC
Transcribing agency DLC
Modifying agency DLC
-- BD-RjUL
Language of cataloging eng
041 ## - LANGUAGE CODE
Language code of text/sound track or separate title eng
082 00 - DEWEY DECIMAL CLASSIFICATION NUMBER
Classification number 333.5
Author mark and year MAI 1969
100 1# - MAIN ENTRY--PERSONAL NAME
Personal name Malthus, T. R.
Fuller form of name (Thomas Robert),
Dates associated with a name 1766-1834.
9 (RLIN) 12756
245 13 - TITLE STATEMENT
Title An inquiry into the nature and progress of rent,
Remainder of title and the principles by which it is regulated. /
Statement of responsibility, etc. by T. R. Malthus
260 ## - PUBLICATION, DISTRIBUTION, ETC. (IMPRINT)
Place of publication, distribution, etc. New York :
Name of publisher, distributor, etc. Greenwood Press,
Date of publication, distribution, etc. 1815 [reprinted1969].
300 ## - PHYSICAL DESCRIPTION
Pagination 61 p. ;
Size 23 cm.
500 ## - GENERAL NOTE
General note Originally published in 1815.
650 #0 - SUBJECT ADDED ENTRY--TOPICAL TERM
Topical term or geographic name as entry element Rent.
9 (RLIN) 12757
942 ## - ADDED ENTRY ELEMENTS (KOHA)
Source of classification or shelving scheme Dewey Decimal Classification
Koha item type Books
Holdings
Lost status Source of classification or shelving scheme Damaged status Not for loan Collection code Permanent Location Current Location Shelving location Date acquired Source of acquisition Total Checkouts Full call number Date last seen Copy number Koha item type
  Dewey Decimal Classification   Not For Loan Non-fiction Central Library, University of Rajshahi Central Library, University of Rajshahi Reading Room 12/02/1970 Zeitlinger   333.5 MAI 1969 21/12/2013 C-1 Books